[Event "SLO-chT 12th"]
[Site "Bled"]
[Date "2002.11.22"]
[Round "7"]
[White "Sermek, Drazen"]
[Black "Osterman, Rudolf"]
[Result "1-0"]
[WhiteElo "2590"]
[BlackElo "2377"]
[PlyCount "75"]
[EventDate "2002.11.18"]
[EventType "team-tourn"]
[EventRounds "9"]
[EventCountry "SLO"]
[SourceTitle "EXT 2005"]
[Source "ChessBase"]
[SourceDate "2004.11.15"]
[SourceVersion "1"]
[SourceVersionDate "2004.11.15"]
[SourceQuality "1"]
[WhiteTeam "Maribor Kovinar Nova"]
[BlackTeam "Ptuj"]
[WhiteTeamCountry "SLO"]
[BlackTeamCountry "SLO"]

1. e4 c5 2. c3 d6 3. d4 Nf6 4. dxc5 Nc6 5. f3 d5 6. exd5 Qxd5 7. Qxd5 Nxd5 8. Bc4 e6 9. Bxd5 exd5 10. Be3 Ne5 11. b3 Nd3+ 12. Kd2 Nxc5 13. Na3 Ne6 14. Nc2 Bd6 15. Ne2 0-0 16. Rad1 Rd8 17. Kc1 b6 18. Rd2 Bb7 19. Rhd1 Be7 20. Kb2 Rac8 21. Ncd4 Bf6 22. a4 Nc5 23. Nf5 Kf8 24. Bd4 Bxd4 25. Nexd4 g6 26. Ne3 Rd7 27. Ndc2 Rcd8 28. Nb4 f5 29. Nec2 a5 30. Nd3 Nxd3+ 31. Rxd3 Ke7 32. Re3+ Kf7 33. Rde1 Rc8 34. Nd4 Ba6 35. Re6 Rb8 36. g3 Bd3 37. R6e3 Ba6 38. Nc6 1-0

[Event "SLO-chT 12th"]
[Site "Bled"]
[Date "2002.11.21"]
[Round "5"]
[White "Navinsek, Thomaz"]
[Black "Osterman, Rudolf"]
[Result "1-0"]
[WhiteElo "2292"]
[BlackElo "2377"]
[PlyCount "61"]
[EventDate "2002.11.18"]
[EventType "team-tourn"]
[EventRounds "9"]
[EventCountry "SLO"]
[SourceTitle "EXT 2005"]
[Source "ChessBase"]
[SourceDate "2004.11.15"]
[SourceVersion "1"]
[SourceVersionDate "2004.11.15"]
[SourceQuality "1"]
[WhiteTeam "Ljubljana Vidmar"]
[BlackTeam "Ptuj"]
[WhiteTeamCountry "SVK"]
[BlackTeamCountry "SLO"]

1. Nf3 Nf6 2. g3 g6 3. Bg2 Bg7 4. 0-0 0-0 5. d4 d6 6. b3 Nbd7 7. Bb2 e5 8. dxe5 Ng4 9. Qc1 Ngxe5 10. Nxe5 dxe5 11. Rd1 c6 12. Nd2 f5 13. Nc4 Qe7 14. Ba3 c5 15. Bd5+ Kh8 16. Qe3 Rb8 17. Rab1 b6 18. Bc6 e4 19. f4 Nf6 20. Ne5 a5 21. Rd2 Be6 22. Rbd1 Rfd8 23. c4 Qc7 24. Bb5 Rbc8 25. h3 Kg8 26. Bb2 Nh5 27. Kh2 Bf8 28. Nc6 Re8 29. Be5 Qf7 30. Nd8 Rexd8 31. Rxd8 1-0

[Event "SLO-chT 09th"]
[Site "Bled"]
[Date "1999.11.10"]
[Round "3"]
[White "Osterman, Rudolf"]
[Black "Jelen, Igor"]
[Result "0-1"]
[WhiteElo "2371"]
[BlackElo "2395"]
[PlyCount "62"]
[EventDate "1999.11.08"]
[EventType "team-tourn"]
[EventRounds "7"]
[EventCountry "SLO"]
[SourceTitle "EXT 2000"]
[Source "ChessBase"]
[SourceDate "1999.11.16"]
[SourceVersion "1"]
[SourceVersionDate "1999.11.16"]
[SourceQuality "1"]
[WhiteTeam "Maribor Lumar Kovinar"]
[BlackTeam "Ljubljana LSK"]
[WhiteTeamCountry "SLO"]
[BlackTeamCountry "SLO"]

1. d4 Nf6 2. c4 g6 3. Nc3 d5 4. Nf3 Bg7 5. Qb3 dxc4 6. Qxc4 0-0 7. e4 a6 8. Be2 b5 9. Qb3 Bb7 10. e5 Nd5 11. a4 c5 12. dxc5 Nd7 13. Nxd5 Nxc5 14. Nxe7+ Qxe7 15. Qe3 Nxa4 16. 0-0 Rac8 17. Bd1 Nc5 18. b4 Nd7 19. Bb2 Rfe8 20. Bb3 Bxf3 21. Qxf3 Nxe5 22. Bxe5 Bxe5 23. Rxa6 Rc3 24. Qd1 Qxb4 25. Ba2 Bd4 26. Qd2 Qc5 27. Qf4 Rf8 28. g3 b4 29. Rd1 Be5 30. Qg5 b3 31. Bb1 b2 0-1

[Event "SLO-chT 09th"]
[Site "Bled"]
[Date "1999.11.08"]
[Round "1"]
[White "Osterman, Rudolf"]
[Black "Mikac, Matjaz"]
[Result "1/2-1/2"]
[WhiteElo "2371"]
[BlackElo "2422"]
[PlyCount "49"]
[EventDate "1999.11.08"]
[EventType "team-tourn"]
[EventRounds "7"]
[EventCountry "SLO"]
[SourceTitle "EXT 2000"]
[Source "ChessBase"]
[SourceDate "1999.11.16"]
[SourceVersion "1"]
[SourceVersionDate "1999.11.16"]
[SourceQuality "1"]
[WhiteTeam "Maribor Lumar Kovinar"]
[BlackTeam "Tolmin AET"]
[WhiteTeamCountry "SLO"]
[BlackTeamCountry "SLO"]

1. d4 g6 2. e4 Bg7 3. Nf3 d6 4. Bc4 Nf6 5. Qe2 0-0 6. Nc3 c6 7. e5 dxe5 8. dxe5 Nd5 9. Bd2 Bg4 10. 0-0-0 e6 11. h3 Bxf3 12. gxf3 Nd7 13. f4 N7b6 14. h4 Nxc4 15. Qxc4 h5 16. Ne4 Qc7 17. Rh3 Rfd8 18. Rg1 Ne7 19. Bb4 Nf5 20. Bd6 Qd7 21. Rd1 b6 22. Rhd3 Qb7 23. Rh3 c5 24. c3 Rac8 25. Qe2 1/2-1/2

[Event "Bled op 20th"]
[Site "Bled"]
[Date "1999.03.27"]
[Round "8"]
[White "Mazi, Leon"]
[Black "Osterman, Rudolf"]
[Result "0-1"]
[WhiteElo "2405"]
[BlackElo "2376"]
[PlyCount "98"]
[EventDate "1999.03.20"]
[EventType "swiss"]
[EventRounds "9"]
[EventCountry "SLO"]
[SourceTitle "CBM 069 Extra"]
[Source "ChessBase"]
[SourceDate "1999.05.10"]
[SourceVersion "1"]
[SourceVersionDate "1999.05.10"]
[SourceQuality "1"]

1. e4 c5 2. Nf3 d6 3. d4 cxd4 4. Nxd4 Nf6 5. Nc3 a6 6. Rg1 g6 7. g4 Bg7 8. g5 Nfd7 9. Be3 b5 10. Qd2 Bb7 11. 0-0-0 Nb6 12. Kb1 N8d7 13. f3 Rc8 14. a3 Ne5 15. Qe1 Nbc4 16. Bc1 Qa5 17. f4 Nc6 18. Nxc6 Rxc6 19. Nd5 Qxe1 20. Rxe1 e6 21. b3 Nb6 22. Nf6+ Bxf6 23. gxf6 Kd7 24. Bd3 Kc7 25. Bb2 Rc5 26. f5 e5 27. Bc1 Nd7 28. Ref1 Kb8 29. Bh6 d5 30. exd5 Bxd5 31. Bg7 Rhc8 32. Re1 g5 33. Rg4 Bf3 34. Rxg5 e4 35. Rxe4 Bxe4 36. Bxe4 Re8 37. Bd3 Ne5 38. Be2 Nc6 39. Bd3 Ne5 40. Be2 Nc4 41. Bh5 Re1+ 42. Ka2 Ne3 43. c4 bxc4 44. bxc4 Rxc4 45. Bxf7 Rc3 46. Kb2 Rd3 47. Bb3 Re2+ 48. Kc1 Rc3+ 49. Kb1 Rxb3+ 0-1

[Event "Bled op 20th"]
[Site "Bled"]
[Date "1999.03.25"]
[Round "6"]
[White "Praznik, Niko"]
[Black "Osterman, Rudolf"]
[Result "1/2-1/2"]
[WhiteElo "2229"]
[BlackElo "2376"]
[PlyCount "83"]
[EventDate "1999.03.20"]
[EventType "swiss"]
[EventRounds "9"]
[EventCountry "SLO"]
[SourceTitle "CBM 069 Extra"]
[Source "ChessBase"]
[SourceDate "1999.05.10"]
[SourceVersion "1"]
[SourceVersionDate "1999.05.10"]
[SourceQuality "1"]

1. e4 c5 2. c3 d6 3. d4 Nf6 4. Bd3 cxd4 5. cxd4 Nc6 6. Ne2 e5 7. d5 Nb8 8. Nbc3 Be7 9. f3 0-0 10. Be3 a6 11. a4 a5 12. Qd2 Na6 13. 0-0 Nd7 14. Nc1 Ndc5 15. Bc4 b6 16. Nd3 Nxd3 17. Bxd3 Nc5 18. Bc4 Kh8 19. Rab1 Bd7 20. b3 f5 21. Bb5 f4 22. Bf2 g5 23. Bxd7 Qxd7 24. Qe2 Bd8 25. Qb5 Qe7 26. b4 axb4 27. Rxb4 Rc8 28. Rc4 Rg8 29. a5 bxa5 30. Na4 Qg7 31. Nxc5 dxc5 32. Rxc5 Rxc5 33. Bxc5 g4 34. Qe2 gxf3 35. Qxf3 Bf6 36. Rd1 Qc7 37. Ba3 Qc2 38. Rc1 Qd2 39. Kh1 Bd8 40. Rd1 Qc2 41. Rc1 Qd2 42. Rd1 1/2-1/2

[Event "SLO-chT 08th"]
[Site "Bled"]
[Date "1998.11.11"]
[Round "5"]
[White "Jeric, Simon"]
[Black "Osterman, Rudolf"]
[Result "1/2-1/2"]
[WhiteElo "2345"]
[BlackElo "2385"]
[PlyCount "70"]
[EventDate "1998.11.07"]
[EventType "team-tourn"]
[EventRounds "7"]
[EventCountry "SLO"]
[SourceTitle "EXT 2000"]
[Source "ChessBase"]
[SourceDate "1999.11.16"]
[SourceVersion "1"]
[SourceVersionDate "1999.11.16"]
[SourceQuality "1"]
[WhiteTeam "Nova Gorica"]
[BlackTeam "Maribor Lumar Kovinar"]
[WhiteTeamCountry "SLO"]
[BlackTeamCountry "SLO"]

1. e4 c5 2. c3 d6 3. d4 Nf6 4. Bd3 g6 5. Nf3 Bg7 6. 0-0 0-0 7. h3 cxd4 8. cxd4 Nc6 9. Nc3 e5 10. d5 Nb4 11. Bb1 Na6 12. Be3 Bd7 13. Nd2 Ne8 14. f3 f5 15. a4 f4 16. Bf2 Bf6 17. Nb5 Bh4 18. Qe1 Bxf2+ 19. Qxf2 b6 20. Rc1 Rf6 21. Bd3 Nc5 22. Bf1 a5 23. Rcb1 g5 24. b4 axb4 25. Rxb4 Rg6 26. Nc3 h5 27. Nc4 g4 28. hxg4 hxg4 29. fxg4 Bxg4 30. Rxb6 Nd7 31. Rc6 Qg5 32. Nb5 Qh5 33. Ra3 Rh6 34. Qd2 Qh2+ 35. Kf2 Rxa4 1/2-1/2

[Event "SLO-chT 08th"]
[Site "Bled"]
[Date "1998.11.10"]
[Round "4"]
[White "Osterman, Rudolf"]
[Black "Illijin, Neboisa"]
[Result "1-0"]
[WhiteElo "2385"]
[BlackElo "2290"]
[PlyCount "85"]
[EventDate "1998.11.07"]
[EventType "team-tourn"]
[EventRounds "7"]
[EventCountry "SLO"]
[SourceTitle "EXT 2000"]
[Source "ChessBase"]
[SourceDate "1999.11.16"]
[SourceVersion "1"]
[SourceVersionDate "1999.11.16"]
[SourceQuality "1"]
[WhiteTeam "Maribor Lumar Kovinar"]
[BlackTeam "Lesce Murka"]
[WhiteTeamCountry "SLO"]
[BlackTeamCountry "SLO"]

1. d4 Nf6 2. c4 e6 3. Nf3 b6 4. a3 Bb7 5. Nc3 d5 6. cxd5 Nxd5 7. Qc2 Nd7 8. e4 Nxc3 9. bxc3 Be7 10. Bd3 c5 11. 0-0 0-0 12. Qe2 Qc8 13. Bf4 c4 14. Bc2 a6 15. a4 Re8 16. h4 b5 17. a5 Bf8 18. Rfe1 f6 19. e5 f5 20. Ng5 Qc6 21. f3 Qc7 22. Kh2 Bd5 23. g4 h6 24. Nh3 Qd8 25. Qf2 Be7 26. gxf5 Bxh4 27. Bg3 Bxg3+ 28. Qxg3 exf5 29. Nf4 Nf8 30. Nxd5 Qxd5 31. Bxf5 Ra7 32. Be4 Qf7 33. f4 Kh8 34. Re3 Rc7 35. d5 b4 36. d6 Rcc8 37. cxb4 c3 38. Rc1 c2 39. Rxc2 Rxc2+ 40. Bxc2 Rc8 41. Bb3 Qb7 42. e6 Rc1 43. Qf3 1-0

[Event "Bled op 18th"]
[Site "Bled"]
[Date "1997.??.??"]
[Round "9"]
[White "Gaprindashvili, Nona"]
[Black "Osterman, Rudolf"]
[Result "1/2-1/2"]
[WhiteElo "2350"]
[BlackElo "2410"]
[PlyCount "28"]
[EventDate "1997.03.15"]
[EventType "swiss"]
[EventRounds "9"]
[EventCountry "SLO"]
[SourceTitle "CBM 057 Extra"]
[Source "ChessBase"]
[SourceDate "1997.05.01"]
[SourceVersion "1"]
[SourceVersionDate "1997.05.01"]
[SourceQuality "1"]

1. d4 Nf6 2. c4 g6 3. Nc3 Bg7 4. g3 0-0 5. Bg2 d6 6. Nf3 Nbd7 7. 0-0 e5 8. h3 Re8 9. e4 exd4 10. Nxd4 Nc5 11. Re1 Bd7 12. Rb1 h6 13. Kh2 a6 14. Nb3 Nxb3 1/2-1/2

[Event "SLO-chT 07th"]
[Site "Ljubljana"]
[Date "1997.??.??"]
[Round "?"]
[White "Osterman, Rudolf"]
[Black "Krumpacnik, Domen"]
[Result "1-0"]
[WhiteElo "2400"]
[BlackElo "2355"]
[PlyCount "57"]
[EventDate "1997.07.??"]
[EventType "team-tourn"]
[EventRounds "7"]
[EventCountry "SLO"]
[SourceTitle "CBM 061 Extra"]
[Source "ChessBase"]
[SourceDate "1998.03.09"]
[SourceVersion "1"]
[SourceVersionDate "1998.03.09"]
[SourceQuality "1"]
[WhiteTeam "Maribor Inntal Kovinar"]
[BlackTeam "Ptuj"]
[WhiteTeamCountry "SLO"]
[BlackTeamCountry "SLO"]

1. d4 Nf6 2. c4 e6 3. Nf3 Bb4+ 4. Nbd2 d5 5. a3 Be7 6. e3 0-0 7. Bd3 b6 8. 0-0 Bb7 9. cxd5 Qxd5 10. e4 Qd7 11. Qe2 c5 12. dxc5 bxc5 13. Nc4 Rd8 14. Nfe5 Qc8 15. Bg5 h6 16. Bh4 Nc6 17. f4 Nd4 18. Qe1 Qc7 19. Rd1 Rab8 20. g4 Kf8 21. g5 Ng8 22. Bg3 f5 23. gxf6 gxf6 24. Ng6+ Ke8 25. f5 e5 26. Ngxe5 fxe5 27. Bxe5 Qc6 28. Bxb8 Rxb8 29. Qg3 1-0

[Event "SLO-chT 07th"]
[Site "Ljubljana"]
[Date "1997.??.??"]
[Round "?"]
[White "Osterman, Rudolf"]
[Black "Susnik, Matej"]
[Result "1-0"]
[WhiteElo "2400"]
[BlackElo "2235"]
[PlyCount "59"]
[EventDate "1997.07.??"]
[EventType "team-tourn"]
[EventRounds "7"]
[EventCountry "SLO"]
[SourceTitle "CBM 061 Extra"]
[Source "ChessBase"]
[SourceDate "1998.03.09"]
[SourceVersion "1"]
[SourceVersionDate "1998.03.09"]
[SourceQuality "1"]
[WhiteTeam "Maribor Inntal Kovinar"]
[BlackTeam "Kranj Tomo Zupan"]
[WhiteTeamCountry "SLO"]
[BlackTeamCountry "SLO"]

1. d4 d5 2. c4 e6 3. Nf3 c5 4. cxd5 exd5 5. g3 Nc6 6. Bg2 Nf6 7. 0-0 Be7 8. Nc3 0-0 9. Bg5 cxd4 10. Nxd4 h6 11. Be3 Re8 12. Qb3 Na5 13. Qc2 Bg4 14. Nf5 Bb4 15. Bd4 Bxc3 16. Bxc3 Rxe2 17. Qd1 Re5 18. Nxh6+ gxh6 19. f3 Rg5 20. fxg4 Nxg4 21. h4 Rg6 22. Qxd5 Qb6+ 23. Kh1 Nf2+ 24. Rxf2 Qxf2 25. Rf1 Qxf1+ 26. Bxf1 Nc6 27. Bc4 Rf8 28. Qf5 Rxg3 29. Qf6 Rxc3 30. bxc3 1-0

[Event "Bled op 17th"]
[Site "Bled"]
[Date "1996.??.??"]
[Round "1"]
[White "Osterman, Rudolf"]
[Black "Jelica, Mara"]
[Result "1/2-1/2"]
[WhiteElo "2405"]
[BlackElo "2200"]
[PlyCount "104"]
[EventDate "1996.03.??"]
[EventType "swiss"]
[EventRounds "9"]
[EventCountry "SLO"]
[SourceTitle "CBM 051 Extra"]
[Source "ChessBase"]
[SourceDate "1996.05.01"]
[SourceVersion "1"]
[SourceVersionDate "1996.05.01"]
[SourceQuality "1"]

1. d4 Nf6 2. Nf3 g6 3. c4 Bg7 4. Nc3 0-0 5. e4 d6 6. Be2 e5 7. d5 a5 8. Bg5 Na6 9. Nd2 Nc5 10. 0-0 h6 11. Bh4 g5 12. Bg3 Nfxe4 13. Ndxe4 Nxe4 14. Nxe4 f5 15. f3 fxe4 16. fxe4 Rxf1+ 17. Bxf1 g4 18. Qd2 Bd7 19. Bd3 Qe7 20. Bf2 b6 21. Be3 Kh7 22. b3 Kg6 23. a3 h5 24. Rc1 Bf6 25. b4 axb4 26. axb4 Bg5 27. Rf1 Ra3 28. g3 h4 29. gxh4 Bxe3+ 30. Qxe3 Qxh4 31. b5 Qg5 32. Qf2 Qf4 33. Qh4 Qg5 34. Qf2 Qe7 35. Be2 Rh3 36. Qf8 Qxf8 37. Rxf8 Rh7 38. Ra8 Kg5 39. Rf8 Kg6 40. Kg2 Kg5 41. Bf1 Kh4 42. Kf2 Re7 43. Rh8+ Kg5 44. Kg3 Rf7 45. Rg8+ Kh6 46. Be2 Rf4 47. Rd8 Rf7 48. Rh8+ Kg6 49. Rh4 Rf4 50. Bxg4 Kg5 51. Rh5+ Kg6 52. Rh4 Kg5 1/2-1/2

[Event "Bled op 17th"]
[Site "Bled"]
[Date "1996.??.??"]
[Round "6"]
[White "Osterman, Rudolf"]
[Black "Pavasovic, Dusko"]
[Result "1/2-1/2"]
[WhiteElo "2405"]
[BlackElo "2425"]
[PlyCount "133"]
[EventDate "1996.03.??"]
[EventType "swiss"]
[EventRounds "9"]
[EventCountry "SLO"]
[SourceTitle "CBM 051 Extra"]
[Source "ChessBase"]
[SourceDate "1996.05.01"]
[SourceVersion "1"]
[SourceVersionDate "1996.05.01"]
[SourceQuality "1"]

1. d4 d5 2. c4 e6 3. Nf3 c6 4. e3 Nf6 5. Nc3 Nbd7 6. Qc2 Bd6 7. Be2 0-0 8. 0-0 Re8 9. Bd2 b6 10. e4 Nxe4 11. Nxe4 dxe4 12. Qxe4 Bb7 13. Bg5 Qc7 14. Rad1 h6 15. Be3 e5 16. dxe5 Nxe5 17. Qh4 Ng6 18. Qd4 Rad8 19. Qc3 c5 20. h3 Bf4 21. Rxd8 Qxd8 22. Re1 Bxe3 23. fxe3 Qe7 24. Bd1 Rd8 25. Be2 Re8 26. Bd1 Qd6 27. Qd2 Qxd2 28. Nxd2 Nf4 29. Nf3 Nd3 30. Re2 Nc1 31. Rd2 Nxa2 32. Rd7 Bxf3 33. Bxf3 Nb4 34. Rxa7 Rxe3 35. Rb7 Re6 36. Rd7 Re1+ 37. Kf2 Rc1 38. Kg3 Rxc4 39. Rb7 Nd3 40. Bd5 Rb4 41. Bxf7+ Kf8 42. b3 g5 43. Be6 Nc1 44. Rf7+ Ke8 45. Rf3 Ne2+ 46. Kf2 Nd4 47. Re3 Nxe6 48. Rxe6+ Kf7 49. Re3 Kf6 50. g4 Rd4 51. Ke2 b5 52. Re8 Rb4 53. Rc8 Ke5 54. Rxc5+ Kd4 55. Rc6 Rxb3 56. Rxh6 Kc4 57. Rg6 Rxh3 58. Rxg5 b4 59. Kd2 Kb3 60. Rg8 Ka2 61. g5 Ra3 62. g6 b3 63. Rb8 Ra7 64. Kc3 Rc7+ 65. Kd4 b2 66. Ke5 b1Q 67. Rxb1 1/2-1/2

[Event "Portoroz op"]
[Site "Portoroz"]
[Date "1995.??.??"]
[Round "?"]
[White "Brezovar, Matjaz"]
[Black "Osterman, Rudolf"]
[Result "1/2-1/2"]
[WhiteElo "2170"]
[BlackElo "2390"]
[PlyCount "102"]
[EventDate "1995.04.??"]
[EventType "swiss"]
[EventRounds "9"]
[EventCountry "SLO"]
[SourceTitle "CBM 046 Extra"]
[Source "ChessBase"]
[SourceDate "1995.07.01"]
[SourceVersion "1"]
[SourceVersionDate "1995.07.01"]
[SourceQuality "1"]

1. d4 Nf6 2. c4 c5 3. d5 g6 4. Nc3 Bg7 5. e4 d6 6. Nf3 0-0 7. Be2 e6 8. 0-0 exd5 9. cxd5 a6 10. a4 Re8 11. Nd2 Nbd7 12. Qc2 Ne5 13. Ra3 g5 14. Nc4 Nxc4 15. Bxc4 Ng4 16. Ne2 Rb8 17. a5 b5 18. axb6 Rxb6 19. b3 Qf6 20. f3 Ne5 21. Bd2 Qg6 22. Bc3 f5 23. Ng3 Nxc4 24. bxc4 Bxc3 25. Qxc3 f4 26. Ne2 Qg7 27. Qxg7+ Kxg7 28. Rfa1 Re7 29. Nc1 Rb4 30. Rc3 Rb6 31. Nd3 Kf6 32. h3 Reb7 33. e5+ dxe5 34. Nxc5 Rb1+ 35. Rc1 Rxc1+ 36. Rxc1 Rb2 37. d6 Bf5 38. Ne4+ Bxe4 39. fxe4 Ke6 40. c5 Rb8 41. Rd1 Kd7 42. Ra1 Kc6 43. Rxa6+ Kxc5 44. Ra7 Kd4 45. Rxh7 Kxe4 46. Rh5 Rb1+ 47. Kf2 Rb2+ 48. Kg1 g4 49. hxg4 Rd2 50. Rh6 Ke3 51. Rh3+ Ke4 1/2-1/2

[Event "Bled op 16th"]
[Site "Bled"]
[Date "1995.??.??"]
[Round "8"]
[White "Mikhalchishin, Adrian"]
[Black "Osterman, Rudolf"]
[Result "1/2-1/2"]
[WhiteElo "2500"]
[BlackElo "2390"]
[PlyCount "52"]
[EventDate "1995.03.??"]
[EventType "swiss"]
[EventRounds "9"]
[EventCountry "SLO"]
[SourceTitle "EXT 1998"]
[Source "ChessBase"]
[SourceDate "1997.11.17"]
[SourceVersion "1"]
[SourceVersionDate "1997.11.17"]
[SourceQuality "1"]

1. d4 d5 2. Nf3 Nc6 3. Bg5 f6 4. Bf4 e6 5. e3 Bd6 6. Bg3 Nge7 7. c4 0-0 8. Nc3 Bb4 9. Bd3 dxc4 10. Bxc4 Nd5 11. Qc2 Nce7 12. 0-0 Bxc3 13. bxc3 Nf5 14. Bd3 g6 15. Qd2 Nxg3 16. fxg3 c5 17. e4 Nb6 18. Qe3 cxd4 19. cxd4 Bd7 20. Rac1 Rc8 21. g4 Qe7 22. g5 fxg5 23. Nxg5 Rxc1 24. Rxc1 Qa3 25. Re1 Qxa2 26. h4 Qa5 1/2-1/2

[Event "Portoroz op"]
[Site "Portoroz"]
[Date "1995.??.??"]
[Round "?"]
[White "Osterman, Rudolf"]
[Black "Kozul, Zdenko"]
[Result "0-1"]
[WhiteElo "2390"]
[BlackElo "2570"]
[PlyCount "68"]
[EventDate "1995.04.??"]
[EventType "swiss"]
[EventRounds "9"]
[EventCountry "SLO"]
[SourceTitle "CBM 046 Extra"]
[Source "ChessBase"]
[SourceDate "1995.07.01"]
[SourceVersion "1"]
[SourceVersionDate "1995.07.01"]
[SourceQuality "1"]

1. d4 Nf6 2. c4 g6 3. Nc3 d5 4. Nf3 Bg7 5. Bg5 Ne4 6. cxd5 Nxg5 7. Nxg5 e6 8. Qd2 exd5 9. Qe3+ Kf8 10. Nf3 c6 11. g3 Bg4 12. Ne5 Bf5 13. f4 f6 14. Nf3 Kf7 15. Bg2 Re8 16. Qd2 Be4 17. 0-0 Nd7 18. Nh4 f5 19. Bxe4 dxe4 20. Rad1 Nb6 21. e3 Qe7 22. Qf2 Bf6 23. Ng2 Rad8 24. Qc2 c5 25. Qb3+ Kf8 26. d5 c4 27. Qb5 Qd6 28. Na4 Nxa4 29. Qxa4 Qc5 30. b4 Qb6 31. a3 Rd6 32. Qc2 c3 33. g4 Qb5 34. gxf5 gxf5 0-1

[Event "Bled op 16th"]
[Site "Bled"]
[Date "1995.??.??"]
[Round "5"]
[White "Osterman, Rudolf"]
[Black "Praznik, Anton"]
[Result "1-0"]
[WhiteElo "2390"]
[BlackElo "2265"]
[PlyCount "75"]
[EventDate "1995.03.??"]
[EventType "swiss"]
[EventRounds "9"]
[EventCountry "SLO"]
[SourceTitle "EXT 1998"]
[Source "ChessBase"]
[SourceDate "1997.11.17"]
[SourceVersion "1"]
[SourceVersionDate "1997.11.17"]
[SourceQuality "1"]

1. d4 g6 2. c4 Nf6 3. Nc3 Bg7 4. e4 d6 5. Nf3 0-0 6. Be2 Na6 7. 0-0 Qe8 8. h3 e5 9. dxe5 dxe5 10. Be3 h6 11. Qc1 Kh7 12. Nh2 c6 13. Rd1 Qe7 14. Rb1 Nc5 15. Bf3 Ne6 16. Ne2 Nc5 17. Nc3 Ne6 18. Ne2 Nc5 19. Ng3 Ne6 20. b4 Ng8 21. Be2 h5 22. Qc2 Bh6 23. Nf5 gxf5 24. exf5 e4 25. fxe6 f5 26. Bc5 Qxe6 27. Bxf8 Bxf8 28. c5 Be7 29. Nf1 Nf6 30. Bc4 Qe5 31. Rb3 Bd7 32. Ng3 Be8 33. f4 Qxf4 34. Rf1 Qe5 35. Nxf5 Bd8 36. Qd2 Ng8 37. Bxg8+ Kxg8 38. Rg3+ 1-0

[Event "SLO-chT"]
[Site "Slovenia"]
[Date "1994.??.??"]
[Round "?"]
[White "Marinsek, Tomaz"]
[Black "Osterman, Rudolf"]
[Result "0-1"]
[WhiteElo "2185"]
[BlackElo "2395"]
[PlyCount "66"]
[EventDate "1994.??.??"]
[EventType "team"]
[EventRounds "7"]
[EventCountry "SLO"]
[SourceTitle "EXT 1997"]
[Source "ChessBase"]
[SourceDate "1996.11.15"]
[SourceVersion "1"]
[SourceVersionDate "1996.11.15"]
[SourceQuality "1"]

1. e4 c5 2. Nf3 d6 3. d4 cxd4 4. Nxd4 Nf6 5. Nc3 Nc6 6. Be2 e5 7. Nb3 Be7 8. Be3 0-0 9. 0-0 Be6 10. f4 a5 11. f5 Bc8 12. Bb5 a4 13. Nxa4 Nxe4 14. Nb6 Rb8 15. Nd5 Nf6 16. Bb6 Qd7 17. c3 Bd8 18. Nxf6+ Bxf6 19. Qd5 Bd8 20. Bxd8 Rxd8 21. Rad1 Qc7 22. f6 gxf6 23. Rxf6 Be6 24. Qd3 Ne7 25. Qg3+ Kh8 26. Bd3 Rg8 27. Qh4 Rg7 28. Rh6 Bf5 29. Qf6 Qb6+ 30. Kh1 Ng8 31. Qxd6 Qf2 32. Bf1 Be4 33. Qxe5 Bxg2+ 0-1

[Event "Mitropa Cup 15th"]
[Site "Bad Woerishofen"]
[Date "1993.01.23"]
[Round "7.4"]
[White "Osterman, Rudolf"]
[Black "Iannacone, Ernesto"]
[Result "0-1"]
[WhiteElo "2415"]
[BlackElo "2385"]
[PlyCount "70"]
[EventDate "1993.01.17"]
[EventType "team-tourn"]
[EventRounds "7"]
[EventCountry "GER"]
[SourceTitle "CBM 034"]
[Source "ChessBase"]
[SourceDate "1993.06.01"]
[SourceVersion "1"]
[SourceVersionDate "1993.06.01"]
[SourceQuality "1"]
[WhiteTeam "Slovenia"]
[BlackTeam "Italy"]
[WhiteTeamCountry "SLO"]
[BlackTeamCountry "ITA"]

1. c4 c6 2. Nf3 Nf6 3. d4 d5 4. Qc2 g6 5. Bf4 Bg7 6. e3 0-0 7. Nc3 Na6 8. Be2 c5 9. 0-0 cxd4 10. Nxd4 dxc4 11. Qa4 Bd7 12. Qxc4 Rc8 13. Qb3 Nc5 14. Qa3 Qb6 15. Rfd1 Rfe8 16. Be5 Nce4 17. Nxe4 Nxe4 18. Bxg7 Kxg7 19. Bf3 Nf6 20. Rd2 e5 21. Nb3 Be6 22. Rd6 Qc7 23. h3 Qe7 24. Rad1 b6 25. Bc6 Rf8 26. Nc1 Rc7 27. Qa4 Rfc8 28. b4 Nd5 29. Rxe6 fxe6 30. Bxd5 exd5 31. Nd3 g5 32. b5 Rc4 33. Qb3 e4 34. Qb2+ Qf6 35. Ne5 Rc2 0-1

[Event "Mitropa Cup 15th"]
[Site "Bad Woerishofen"]
[Date "1993.01.20"]
[Round "4.4"]
[White "Osterman, Rudolf"]
[Black "Boensch, Uwe"]
[Result "1/2-1/2"]
[WhiteElo "2415"]
[BlackElo "2490"]
[PlyCount "137"]
[EventDate "1993.01.17"]
[EventType "team-tourn"]
[EventRounds "7"]
[EventCountry "GER"]
[SourceTitle "CBM 034"]
[Source "ChessBase"]
[SourceDate "1993.06.01"]
[SourceVersion "1"]
[SourceVersionDate "1993.06.01"]
[SourceQuality "1"]
[WhiteTeam "Slovenia"]
[BlackTeam "Germany"]
[WhiteTeamCountry "SLO"]
[BlackTeamCountry "GER"]

1. d4 Nf6 2. Nf3 e6 3. c4 Bb4+ 4. Bd2 Qe7 5. a3 Bxd2+ 6. Qxd2 d6 7. Nc3 0-0 8. e4 e5 9. d5 a5 10. b3 Na6 11. Bd3 Bg4 12. Qe3 Nh5 13. 0-0 Nf4 14. Bc2 Kh8 15. Ne1 g5 16. f3 Bd7 17. g3 Rg8 18. Kh1 Nh3 19. Nd3 Raf8 20. b4 f5 21. exf5 Bxf5 22. Ne4 axb4 23. axb4 g4 24. b5 Nb8 25. f4 Nd7 26. Rae1 Qg7 27. Qd2 Rf7 28. Nef2 Rgf8 29. Nxh3 gxh3 30. Rf2 Bg6 31. Ref1 Be4+ 32. Kg1 Bg2 33. Rc1 Nf6 34. Ne1 Ne4 35. Bxe4 Bxe4 36. Kf1 exf4 37. gxf4 Rg8 38. Qc3 Rf6 39. Qd4 Bf5 40. Nf3 h6 41. c5 Bg4 42. cxd6 Rxd6 43. Rxc7 Qxd4 44. Nxd4 Rxd5 45. Rd2 Rgd8 46. Rc4 Rxb5 47. Kf2 Rbd5 48. Rb4 R8d7 49. Ke3 Re7+ 50. Kd3 Bf5+ 51. Kc3 Re3+ 52. Kc4 Be6 53. Rb6 Rd7+ 54. Kb4 Kh7 55. f5 Bf7 56. Rb5 Re1 57. Rc5 b6 58. Rcc2 Rb1+ 59. Kc3 b5 60. Rb2 Rc7+ 61. Kd3 Bc4+ 62. Ke3 Re7+ 63. Kf4 Rf1+ 64. Rf2 Rxf2+ 65. Rxf2 b4 66. Nc6 Rg7 67. Nxb4 Rg2 68. Kf3 Kg7 69. Rxg2+ 1/2-1/2